La tiranía ecológica (Registro nro. 3209)
[ vista simple ]
| 000 -CABECERA | |
|---|---|
| campo de control de longitud fija | 00648nam a2200229 4500 |
| 005 - FECHA Y HORA DE LA ÚLTIMA TRANSACCIÓN | |
| campo de control | 20240423192528.0 |
| 007 - CAMPO FIJO DE DESCRIPCIÓN FÍSICA--INFORMACIÓN GENERAL | |
| campo de control de longitud fija | ta |
| 008 - DATOS DE LONGITUD FIJA--INFORMACIÓN GENERAL | |
| campo de control de longitud fija | 221128s1992 ve |||||r|||| 00| 0 spa d |
| 020 ## - ISBN | |
| Número Internacional Estándar del Libro | 980607310X |
| 040 ## - FUENTE DE LA CATALOGACIÓN | |
| Centro catalogador/agencia de origen | vecauma |
| Centro/agencia transcriptor | vecauma |
| Centro/agencia modificador | vecauma |
| 099 ## - Cota | |
| Número de clasificación | GE190 |
| Cutter | V4 C3 |
| 100 1# - AUTOR PERSONAL | |
| 9 (RLIN) | 4555 |
| Nombre de persona | Cantó, Leandro |
| 245 13 - MENCIÓN DE TÍTULO | |
| Título | La tiranía ecológica |
| 260 ## - PUBLICACIÓN, DISTRIBUCIÓN, ETC. | |
| Lugar de publicación, distribución, etc. | Caracas : |
| Nombre del editor, distribuidor, etc. | CEDICE, |
| Fecha de publicación, distribución, etc. | 1992. |
| 300 ## - DESCRIPCIÓN FÍSICA | |
| Extensión | 171 p. |
| 490 0# - MENCIÓN DE SERIE | |
| Mención de serie | Venezuela Hoy |
| Designación de volumen o secuencia | 4 |
| 504 ## - NOTA DE BIBLIOGRAFÍA, ETC. | |
| Nota de bibliografía, etc. | Incluye referencias bibliográficas. |
| 650 #0 - PUNTO DE ACCESO ADICIONAL DE MATERIA--TÉRMINO DE MATERIA | |
| Término de materia | POLITICA AMBIENTAL |
| Subdivisión geográfica | VENEZUELA |
| 9 (RLIN) | 1911 |
| 651 #0 - PUNTO DE ACCESO ADICIONAL DE MATERIA--NOMBRE GEOGRÁFICO | |
| 9 (RLIN) | 16 |
| Nombre geográfico | VENEZUELA |
| Subdivisión general | CONDICIONES AMBIENTALES |
| 942 ## - ELEMENTOS DE ENTRADA AGREGADA (KOHA) | |
| Fuente del sistema de clasificación o colocación | Library of Congress Classification |
| Ocultar en OPAC | No |
| Tipo de ítem Koha | Libros |
| Estado de retiro | Estado de pérdida | Fuente del sistema de clasificación o colocación | Estado dañado | No para préstamo | Código de colección | Localización permanente | Ubicación/localización actual | Ubicación en estantería | Fecha de adquisición | Número de inventario | Total de préstamos | Cota | Código de barras | Fecha visto por última vez | Precio válido a partir de | Tipo de ítem Koha |
|---|---|---|---|---|---|---|---|---|---|---|---|---|---|---|---|---|
| Library of Congress Classification | Colección general | Biblioteca Universidad Monteávila | Biblioteca Universidad Monteávila | Colección general | 29/11/2022 | 5977 | GE190 V4 C3 | 2022-21153 | 29/11/2022 | 29/11/2022 | Libros |
